00609nam a22002057a 450000500170000001000130001702000220003003500130005203700160006504000120008108200130009311000410010624500430014726000480019027000110023830000280024950000500027765000420032765000340036920170124110247.0 aA-604827 c00.00a0117009253 aA-604827 bCen Lib/Ret aDPLbEN a941bBRI aLondon.Central Office of Information aBritain 1978 :ban official handbook / aLondonbCentral Office of Informationc1978 bLondon a488p. :c21cm(Hb)bill. aIncludes bibliographical references and index aGreat Britain -- Economic conditions. aGreat Britain -- Statistics.